000 00566nam a2200181Ia 4500
005 20250508161646.0
008 008 250505s9999 xx 000 0 eng d
037 _aBooks to be hide in OPAC
040 _aFEDL
_beng
_cFEDL
041 _aeng
_2eng
084 _a370.7, FOL/O
_qFEDL
245 0 _aPictures and patterns programmed training for teachers
245 0 _cFOLLETT EDUCATIONAL CORPORATION. CHICAGO
260 _aChicago
_bFollett Educational Corporation
_c1968
300 _a46p.
942 _cHB
_h370.7, FOL/O
999 _c1371386
_d1371386